000 00486nam a2200205Ia 4500
003 OSt
005 20260218151123.0
008 250729s2003 xx 000 0 und d
020 _a978-1330940013
040 _cAL
041 _aeng
082 _a372.25 IGNT
100 _aIGNOU
_9229322
245 _aTeacher and school:school management
260 _aNew Delhi
_c2003
300 _a48p
650 _aEducation
_9229323
700 _aRao Digumurthi
_9229324
942 _2ddc
_cBED
999 _c238293
_d238293